000 00519nam a2200181 i 4500
001 71757
003 ES-MaACL
005 20230906171223.0
007 t|
008 040818s1970 sp ||||1| spa d
100 1 _aGheorghiu, Constantin Virgil.
_956560
245 1 3 _aLa condottiera /
_cC. Virgil Gheorghiu ; [versión de B. Losada].
250 _a[1ª ed.].
260 _aBarcelona :
_bLuis de Caralt,
_c[1970]
300 _a230 p. ;
_c21 cm.
700 1 _aLosada, B.
_974250
852 _aES-MaACL
_jD-6014
_bR.75656
999 _c71757
_d71757